00688 2200241 4500001002100000005001700021008004100038020002200079035002400101040001200125082001000137084002000147100002000167245006700187250001000254260002700264300002800291500005000319650002500369700001800394850001200412990002200424INLIS00000000002584120170227100059.0  a978-979-29-5734-1 0010-021700000000655 aYOPDYOG a248.4 aDEP 248.4 Kim A aKIMBERLING, Kim aAwesome marriagec/ Kim Kimberling ; penerjemah, Arvin Saputra aCet.1 aYogyakartabAndic2016 axiii, 244 hlm.c; 21 cm aJudul asli : 7 secrets to an awesome marriage aPerkawinan (Katolik) aArvin Saputra aYOPDYOG aCB-D.11/2016-1471